Radio television cable management (Record no. 584698)
[ view plain ]
| 000 -LEADER | |
|---|---|
| fixed length control field | 00495nam a22001937a 4500 |
| 003 - CONTROL NUMBER IDENTIFIER | |
| control field | CEME |
| 005 - DATE AND TIME OF LATEST TRANSACTION | |
| control field | 20210628210515.0 |
| 008 - FIXED-LENGTH DATA ELEMENTS--GENERAL INFORMATION | |
| fixed length control field | 210209b xxu||||| |||| 00| 0 eng d |
| 020 ## - INTERNATIONAL STANDARD BOOK NUMBER | |
| International Standard Book Number | 0-697-13237-4 |
| 040 ## - CATALOGING SOURCE | |
| Transcribing agency | . |
| 082 ## - DEWEY DECIMAL CLASSIFICATION NUMBER | |
| Classification number | 658.409 BRO |
| 100 ## - MAIN ENTRY--PERSONAL NAME | |
| Personal name | Brown, James A |
| 9 (RLIN) | 79692 |
| 245 ## - TITLE STATEMENT | |
| Title | Radio television cable management |
| 250 ## - EDITION STATEMENT | |
| Edition statement | 3RD |
| 260 ## - PUBLICATION, DISTRIBUTION, ETC. | |
| Place of publication, distribution, etc. | MCGRAW HILL |
| Name of publisher, distributor, etc. | QUAAL, WARD L |
| Date of publication, distribution, etc. | NEW YORK |
| 300 ## - PHYSICAL DESCRIPTION | |
| Extent | 554P |
| 650 ## - SUBJECT ADDED ENTRY--TOPICAL TERM | |
| Topical term or geographic name entry element | MANAGEMENT-RADIO TELEVISION CABLE |
| 9 (RLIN) | 79693 |
| 942 ## - ADDED ENTRY ELEMENTS (KOHA) | |
| Koha item type | Book |
| Source of classification or shelving scheme | |
| Withdrawn status | Lost status | Damaged status | Not for loan | Permanent Location | Current Location | Shelving location | Date acquired | Total Checkouts | Full call number | Barcode | Date last seen | Price effective from | Koha item type |
|---|---|---|---|---|---|---|---|---|---|---|---|---|---|
| College of Electrical & Mechanical Engineering (CEME) | College of Electrical & Mechanical Engineering (CEME) | General Stacks | 07/05/2017 | 658.409 BRO | CEME-34215 | 06/28/2021 | 06/28/2021 | Book |
